00462cam a2200181 a 4500001000800000005001700008008004100025010001700066020003200083040001800115041000800133080001500141082001900156100000700175101000800182245006400190504002600254380658120180222080518.0851209s1986 enka b 001 0 eng  a 85029590  a0471909890 (pbk.) :c$17.88 aDLCcDLCdDLC aeng a006.66 AMM00a006.66 AMM2191 a28 aSHK10aProgramming principles in computer graphics /cL. Ammeraal. aBibliography: p. 166.